<?xml version="1.0" encoding="UTF-8"?><marc:collection xmlns:marc="http://www.loc.gov/MARC21/slim">
  <marc:record>
    <marc:leader>00000nam##2200000za#4500</marc:leader>
    <marc:controlfield tag="001">9.681031</marc:controlfield>
    <marc:controlfield tag="003">CaOODSP</marc:controlfield>
    <marc:controlfield tag="005">20200330065637</marc:controlfield>
    <marc:controlfield tag="007">ta</marc:controlfield>
    <marc:controlfield tag="008">150407|2000||||xxc|||||     f|0| 0 fre|d</marc:controlfield>
    <marc:datafield tag="020" ind1=" " ind2=" ">
      <marc:subfield code="a">0-662-84340-1</marc:subfield>
    </marc:datafield>
    <marc:datafield tag="040" ind1=" " ind2=" ">
      <marc:subfield code="a">CaOODSP</marc:subfield>
      <marc:subfield code="b">fre</marc:subfield>
    </marc:datafield>
    <marc:datafield tag="043" ind1=" " ind2=" ">
      <marc:subfield code="a">n-cn---</marc:subfield>
    </marc:datafield>
    <marc:datafield tag="086" ind1="1" ind2=" ">
      <marc:subfield code="a">T34-8/2000F</marc:subfield>
    </marc:datafield>
    <marc:datafield tag="110" ind1="1" ind2=" ">
      <marc:subfield code="a">Canada. </marc:subfield>
      <marc:subfield code="b">Transports Canada.</marc:subfield>
    </marc:datafield>
    <marc:datafield tag="245" ind1="1" ind2="0">
      <marc:subfield code="a">Guide d'immatriculation: comment immatriculer un navire ou un bateau au Canada </marc:subfield>
    </marc:datafield>
    <marc:datafield tag="260" ind1=" " ind2=" ">
      <marc:subfield code="a">Ottawa - Ontario : </marc:subfield>
      <marc:subfield code="b">Transports Canada </marc:subfield>
      <marc:subfield code="c">2000.</marc:subfield>
    </marc:datafield>
    <marc:datafield tag="300" ind1=" " ind2=" ">
      <marc:subfield code="a">33p. : </marc:subfield>
      <marc:subfield code="b">références ; </marc:subfield>
      <marc:subfield code="c">28 cm.</marc:subfield>
    </marc:datafield>
    <marc:datafield tag="500" ind1=" " ind2=" ">
      <marc:subfield code="a">«Le guide se fonde sur des lois qui sont entrées en vigueur en février 2000. Certaines des exigences qu'il énonce découlent des modifications apportées à la partie 1 de la Loi sur la marine marchande du Canada (sous le titre initial de Projet de loi C-15, adopté par le Parlement en 1998. Au-delà de ces modifications, Transport Canada a publié en juillet 1999 pour fins de discussion une toute nouvelle proposition: La Loi sur la marine marchande du Canada 2000. Selon cette proposition, tous les navires autres que les embarcations de plaisance devraient être immatriculés.»--Avant-propos.</marc:subfield>
    </marc:datafield>
    <marc:datafield tag="520" ind1="3" ind2=" ">
      <marc:subfield code="a">Le guide se fonde sur des lois qui sont entrées en vigueur en février 2000. Certaines des exigences qu'il énonce découlent des modifications apportées à la partie 1 de la Loi sur la marine marchande du Canada (sous le titre initial de Projet de loi C-15, adopté par le Parlement en 1998. Au-delà de ces modifications, Transport Canada a publié en juillet 1999 pour fins de discussion une toute nouvelle proposition: La Loi sur la marine marchande du Canada 2000. Selon cette proposition, tous les navires autres que les embarcations de plaisance devraient être immatriculés.--Avant-propos</marc:subfield>
    </marc:datafield>
    <marc:datafield tag="563" ind1=" " ind2=" ">
      <marc:subfield code="a">Couverture souple</marc:subfield>
    </marc:datafield>
    <marc:datafield tag="590" ind1=" " ind2=" ">
      <marc:subfield code="a">00-17</marc:subfield>
      <marc:subfield code="b">2000-04-28</marc:subfield>
    </marc:datafield>
    <marc:datafield tag="691" ind1="0" ind2="7">
      <marc:subfield code="a">Embarcation</marc:subfield>
      <marc:subfield code="2">gcpds</marc:subfield>
    </marc:datafield>
    <marc:datafield tag="775" ind1="0" ind2="8">
      <marc:subfield code="t">Registration guide: how to register a ship or boat in Canada </marc:subfield>
      <marc:subfield code="w">(CaOODSP)9.647626</marc:subfield>
    </marc:datafield>
    <marc:datafield tag="776" ind1="0" ind2="#">
      <marc:subfield code="t">Guide d'immatriculation - comment immatriculer un navire ou un bateau au Canada / </marc:subfield>
      <marc:subfield code="w">(CaOODSP)9.642523</marc:subfield>
    </marc:datafield>
    <marc:datafield tag="986" ind1=" " ind2=" ">
      <marc:subfield code="a">TP13414).</marc:subfield>
    </marc:datafield>
  </marc:record>
</marc:collection>
